| 000 | 01406cam a22002771 4500 | ||
|---|---|---|---|
| 001 | agr32001198 | ||
| 003 | DLC | ||
| 005 | 20260227110952.0 | ||
| 008 | 851015s1932 gw ab 000 0 ger c | ||
| 010 | _aagr32001198 | ||
| 035 | _a(OCoLC)12675457 | ||
| 040 |
_aLibrary, U.S. Dept. of Agriculture _cOCU _dOCoLC _dDLC |
||
| 042 | _apremarc | ||
| 050 | 0 | 0 |
_aHD1957 1932 _b.D4 |
| 070 | 0 |
_a281.175 _bD48 |
|
| 245 | 0 | 0 |
_aDeutsche agrarpolitik im rahmen der inneren und äusseren wirtschaftspolitik. _bIm auftrage des vorstandes der Friedrich List-gesellschaft e. v. herausgegeben _cvon Fritz Beckmann, Hermann Bente, Bernard Harms [u.a.] |
| 260 |
_aBerlin, _bR. Hobbing, _c1932. |
||
| 300 |
_a3 v. _bmaps, diagrs. _c25 cm. |
||
| 490 | 0 |
_aVeröffentlichungen der Friedrich List-gesellschaft e. v. _v5.-7. bd. |
|
| 504 | _a"Bibliographie [italienisch]": Ergänzungsteil, p. 288-293. | ||
| 505 | 0 | _at. 1. Die lage der deutschen landwirtschaft und die gestaltung der agrarpolitischen einzelmassnahmen.--t. 2. Die deutsche agrarpolitik im rahmen einer organischen förderung der deutschen gesamtwirtschaft. Ergänzungsteil. Landwirtschaft und agrarpolitik im ausland. Verzeichnisse zum gesamtwerk. | |
| 650 | 0 |
_aAgriculture _xEconomic aspects _zGermany. |
|
| 700 | 1 |
_aBeckmann, Fritz, _d1888- _eeditor. |
|
| 700 | 1 |
_aBente, Hermann, _d1896- _ejoint editor. |
|
| 700 | 1 |
_aHarms, Bernhard, _d1876-1939, _ejoint editor. |
|
| 999 |
_c9534 _d9534 |
||